000
00310nam a22001337a 4500
082
_a
617.632 ,E14R
100
_a
REDDY,SHANTIPRIYA
245
_a
MANUAL OF CLINICAL PERIODONTOLOGY
250
_a
2ND
260
_a
DELHI
_b
JAYPEE BROTHERS
_c
2014
300
_a
176
650
_a
PERIODONTOLOGY
942
_2
ddc
_c
BK
_0
3
999
_c
9807
_d
9807